Statistiken für Alle von Max Giermann parodierten Personen

Klicken Sie hier um das Quiz zu spielen!

Allgemein

  • Dieses Quiz wurde 61 mal gespielt
    (11 seit der letzten Aktualisierung)
  • Das Durchschnittsergebnis liegt bei 16 aus 65

Antwortstatistiken

Serie / Show / FilmLebensdatenBerufHerkunftPerson% Korrekt
Sketch History, Goldene Kamera 2016, LOL: Last One Laughing, Die Geschichte der Menschheit – leicht gekürzt1926-1991SchauspielerDeutschlandKlaus Kinski
90%
Switch reloaded, TV Total, Deutscher Comedypreis 2008, Otto’s Eleven, Granaten wie wir, LOL: Last One Laughing* 1966Entertainer, ModeratorDeutschlandStefan Raab
90%
Extra-3* 1946Politiker, PräsidentVereinigte StaatenDonald Trump
70%
Sketch History1869-1918UnternehmerVereinigte StaatenFrederick Trump
70%
Switch reloaded, Granaten wie wir, Die Harald Schmidt Show* 1957FernsehkochÖsterreichJohann Lafer
70%
Sketch History100-44 v.Chr.Politiker, FeldherrItalienIulius Cäsar
60%
Die Geschichte der Menschheit – leicht gekürztum 6/4 v.Chr.-30/33 n.Chr.WanderpredigerIsraelJesus
60%
Switch reloaded1957-2011TerroristSaudi-ArabienOsama bin Laden
60%
Sketch History1918-2015Politiker (SPD), BundeskanzlerDeutschlandHelmut Schmidt
50%
Switch reloaded* 1960FußballtrainerDeutschlandJoachim Löw
50%
Granaten wie wir, Deutscher Comedypreis 20091933-2019ModedesignerDeutschlandKarl Lagerfeld
50%
Extra-3* 1969Politiker (Grüne)DeutschlandRobert Habeck
50%
Switch reloaded, Granaten wie wir* 1971Fernsehkoch, ModeratorDeutschlandTim Mälzer
50%
Switch reloaded, Granaten wie wir* 1957FernsehkochDeutschlandChristian Rach
40%
Switch reloaded* 1970Tänzer, FitnesstrainerDeutschlandDetlef Soost
40%
Switch reloaded, Granaten wie wir* 1954Sänger, MusikproduzentDeutschlandDieter Bohlen
40%
Switch reloaded1961-2016Politiker (FDP)DeutschlandGuido Westerwelle
40%
Switch reloaded, LOL: Last One Laughing* 1967ModelKubaJorge González
40%
Switch reloaded, LOL: Last One Laughing* 1969ModeratorDeutschlandMarkus Lanz
40%
Switch reloaded* 1963SchauspielerDeutschlandTil Schweiger
40%
Deutscher Comedypreis 2011* 1963Schauspieler, RegisseurDeutschlandTil Schweiger
40%
Switch reloaded, Granaten wie wir* 1952Fußballspieler, FunktionärDeutschlandUli Hoeneß
40%
Switch reloaded, Granaten wie wir, Happy Birthday Hella von Sinnen!* 1950ModeratorDeutschlandHugo Egon Balder
30%
Switch reloaded* 1972ComedianDeutschlandMario Barth
30%
Deutscher Comedypreis 2020, LOL: Last One Laughing* 1966ComedianDeutschlandTorsten Sträter
30%
Sketch History* 1933MusikerinJapanYoko Ono
30%
Extra-3* 1970Politikerin (SPD)DeutschlandAndrea Nahles
20%
Switch reloaded* 1960Comedian, ModeratorDeutschlandDieter Nuhr
20%
Switch reloaded* 1979ModeratorDeutschlandJoko Winterscheidt
20%
Switch reloaded* 1983ModeratorDeutschlandKlaas Heufer-Umlauf
20%
Extra-3* 1959Politiker (SPD)DeutschlandSigmar Gabriel
20%
Sketch History356-323 v.Chr.KönigGriechenlandAlexander der Große
10%
Sketch History1675-1758PapstItalienBenedikt XIV.
10%
Switch reloaded* 1963SchauspielerinDeutschlandBrigitte Nielsen
10%
Sketch History1912-1994PolitikerDeutschlandErich Honecker
10%
Sketch History1608-1657Erzherzog, KaiserÖsterreichFerdinand III.
10%
Sketch Historyum 1025/1030-1085PapstItalienGregor VII.
10%
Switch reloaded* 1954Moderator, JournalistDeutschlandIngo Nommsen
10%
Extra-3* 1980Politiker (CDU)DeutschlandJens Spahn
10%
Sketch History1741-1790KaiserÖsterreichJoseph II.
10%
Switch reloaded, Granaten wie wir* 1967ModeratorDeutschlandKai Pflaume
10%
Deutscher Comedypreis 20171941-2020Schauspieler, MusikerDeutschlandKarl Dall
10%
Extra-3* 1955Politiker (SPD)DeutschlandMartin Schulz
10%
Switch reloaded, Granaten wie wir* 1956ModeratorDeutschlandReinhold Beckmann
10%
Sketch History1868-1912PolarforscherVereinigtes KönigreichRobert Falcon Scott
10%
Extra-3* 1951Moderator, JournalistDeutschlandThomas Roth
10%
Sketch Historyum 1035-1099PapstFrankreichUrban II.
10%
Sketch History1615-1645MusketierFrankreichAthos
0%
Sketch History1859-1881VerbrecherVereinigte StaatenBilly the Kid
0%
Switch reloaded* 1978ModeratorDeutschlandDaniel Hartwich
0%
Switch reloaded* ????Medium, ModeratorDeutschlandDaniel Kreibich
0%
Sketch History1764-1793SeemannVereinigtes KönigreichFletcher Christian
0%
Sketch History1843-1929PolizeiinspektorVereinigtes KönigreichFrederick Abberline
0%
Sketch Historyum 1480-1562RitterDeutschlandGötz von Berlichingen
0%
Extra-3* 1942JournalistDeutschlandGünther Wallraff
0%
Sketch History1832-1923IngenieurFrankreichGustave Eiffel
0%
Sketch History1877-1962Dichter, MalerSchweizHermann Hesse
0%
Switch reloaded* 1964SchauspielerDeutschlandJan Josef Liefers
0%
Switch reloaded, Granaten wie wir* 1969ModeratorDeutschlandOliver Geissen
0%
Switch reloaded, Granaten wie wir* 1969Fußballspieler, FunktionärDeutschlandOliver Kahn
0%
Sketch History* 1945MusikerVereinigte StaatenPeter Criss
0%
Sketch History1527-1598KönigSpanienPhilip II.
0%
Sketch History1916-2009Politiker, ManagerVereinigte StaatenRobert McNamara
0%
LOL: Last One Laughing* 1968Fußballspieler, FußballtrainerDeutschlandThorsten Legat
0%
Sketch History1878-1912MusikerVereinigtes KönigreichWallace Hartley
0%

Verteilung der Resultate

Perzentil nach korrekt beantworteten Fragen

Anzahl Personen mit jedem Resultat

Ihre Resultats-Entwicklung

Sie haben dieses Quiz seit der letzten Aktualisierung nicht gespielt